000 00296nam a22001337a 4500
008 170307b xxu||||| |||| 00| 0 eng d
020 _a9781401871895
041 _aeng
080 _a611
100 _a6
101 _aSHM
245 _aFUNDEMENTAL ANATOMY PHYSIOLOGY
_cRIZZO.D.D
942 _2udc
_cBK
999 _c7034
_d7034